Rough guide to sustainability (Record no. 110868)
[ view plain ]
| 000 -LEADER | |
|---|---|
| fixed length control field | 01359cam a22002535a 4500 |
| 001 - CONTROL NUMBER | |
| control field | L150438 |
| 008 - FIXED-LENGTH DATA ELEMENTS--GENERAL INFORMATION | |
| fixed length control field | 100714s2010 xxk f 001 0 eng d |
| 020 ## - INTERNATIONAL STANDARD BOOK NUMBER | |
| International Standard Book Number | 9781859463321 |
| 035 ## - SYSTEM CONTROL NUMBER | |
| System control number | (Sirsi) u150438 |
| 041 0# - LANGUAGE CODE | |
| Language code of text/sound track or separate title | eng |
| 050 04 - LIBRARY OF CONGRESS CALL NUMBER | |
| Classification number | 333.72 $2 18 |
| 100 1# - MAIN ENTRY--PERSONAL NAME | |
| Personal name | Edwards, Brian |
| 245 00 - TITLE STATEMENT | |
| Title | Rough guide to sustainability |
| Remainder of title | a design primer |
| 250 ## - EDITION STATEMENT | |
| Edition statement | 3rd ed. |
| 260 ## - PUBLICATION, DISTRIBUTION, ETC. | |
| Place of publication, distribution, etc. | London |
| Name of publisher, distributor, etc. | RIBA |
| Date of publication, distribution, etc. | 2010 |
| 300 ## - PHYSICAL DESCRIPTION | |
| Extent | xvi. 294p. |
| Other physical details | ill. |
| Dimensions | 20cm. |
| 505 2# - FORMATTED CONTENTS NOTE | |
| Formatted contents note | The theory and science of sustainability -- Legislation and regulations in Europe -- Measuring success at the building scale -- Energy -- Water -- Materials and waste -- Design for a changing climate -- Sustainable buildings are healthy buildings -- Sustainable design in practice -- Epilogue- sustainable design in practice. |
| 520 ## - SUMMARY, ETC. | |
| Summary, etc. | New and updated information on designing buildings for sustainability. It includes information on green issues in architecture, design advice on vernacular buildings, offices, schools and housing; a guide to the international conventions and agreements from the Rio summit and recent UN Climate Change conference. Also, includes new international agreements at the Copenhagen conference on global warming in 2009. |
| 521 ## - TARGET AUDIENCE NOTE | |
| Target audience note | Advanced |
| 590 ## - LOCAL NOTE (RLIN) | |
| Local note | KA |
| 651 #4 - SUBJECT ADDED ENTRY--GEOGRAPHIC NAME | |
| Geographic name | United Kingdom |
| Chronological subdivision | |
| 690 ## - LOCAL SUBJECT ADDED ENTRY--TOPICAL TERM (OCLC, RLIN) | |
| Topical term or geographic name as entry element | BUILT ENVIROMENT-SUSTAINABLE CONSTRUCTION |
| 942 ## - ADDED ENTRY ELEMENTS (KOHA) | |
| Suppress in OPAC | 0 |
| Withdrawn status | Lost status | Source of classification or shelving scheme | Damaged status | Not for loan | Home library | Current library | Shelving location | Date acquired | Total Checkouts | Full call number | Barcode | Date last seen | Copy number | Price effective from | Koha item type |
|---|---|---|---|---|---|---|---|---|---|---|---|---|---|---|---|
| Dewey Decimal Classification | London | London | Books | 14/07/2010 | 333.72 EDW | 30075588 | 06/08/2019 | 1 | 06/08/2019 | Book |